Teoretický vývoj DSGE modelovania
Systematické štúdium obchodných cyklov. Modely DSGE a ich aplikovanie v monetárnej ekonómii, medzinárodnej ekonómii, verejných financiách, ekonómii trhu práce a aktív.
Saved in:
| Main Author: | |
|---|---|
| Other Authors: | |
| Format: | Book Chapter |
| Language: | Slovak |
| Subjects: | |
| Tags: |
No Tags, Be the first to tag this record!
|
MARC
| LEADER | 00000nla a2200000 4500 | ||
|---|---|---|---|
| 001 | 0195721 | ||
| 005 | 20240502073304.4 | ||
| 041 | 0 | |a slo | |
| 044 | |a SK | ||
| 245 | 1 | 0 | |a Teoretický vývoj DSGE modelovania |c Patrik Kupkovič, Martin Benkovič |
| 520 | |a Systematické štúdium obchodných cyklov. Modely DSGE a ich aplikovanie v monetárnej ekonómii, medzinárodnej ekonómii, verejných financiách, ekonómii trhu práce a aktív. | ||
| 610 | 2 | 0 | |a modely makroekonomické |
| 610 | 2 | 0 | |a cykly obchodné |
| 610 | 2 | 0 | |a modely DSGE |
| 610 | 2 | 0 | |a modelovanie |
| 610 | 2 | 0 | |a teória modelov ekonomicko-matematických |
| 100 | 1 | |a Kupkovič, Patrik | |
| 700 | 1 | |a Benkovič, Martin | |